Ma-tsu Tao-i and the Unfolding of Southern Zen
| Main Author: | |
|---|---|
| Format: | Electronic Article |
| Language: | English |
| Check availability: | HBZ Gateway |
| Interlibrary Loan: | Interlibrary Loan for the Fachinformationsdienste (Specialized Information Services in Germany) |
| Published: |
[1985]
|
| In: |
Japanese journal of religious studies
Year: 1985, Volume: 12, Issue: 2/3, Pages: 173-192 |
| Further subjects: | B
Zen Buddhism
B Dicta B Enlightenment B Monks B Religious Studies B Lions B Dharma B Dialectic |
| Online Access: |
Volltext (kostenfrei) |
MARC
| LEADER | 00000caa a22000002c 4500 | ||
|---|---|---|---|
| 001 | 1727328051 | ||
| 003 | DE-627 | ||
| 005 | 20230803110348.0 | ||
| 007 | cr uuu---uuuuu | ||
| 008 | 200818s1985 xx |||||o 00| ||eng c | ||
| 035 | |a (DE-627)1727328051 | ||
| 035 | |a (DE-599)KXP1727328051 | ||
| 040 | |a DE-627 |b ger |c DE-627 |e rda | ||
| 041 | |a eng | ||
| 084 | |a 0 |2 ssgn | ||
| 100 | 1 | |e VerfasserIn |0 (DE-588)115832742 |0 (DE-627)07750108X |0 (DE-576)290103304 |4 aut |a Lai, Whalen |d 1944- | |
| 109 | |a Lai, Whalen 1944- |a Lai, Whalen W. 1944- |a Lai, W. 1944- |a Lai Wai-lun 1944- | ||
| 245 | 1 | 0 | |a Ma-tsu Tao-i and the Unfolding of Southern Zen |
| 264 | 1 | |c [1985] | |
| 336 | |a Text |b txt |2 rdacontent | ||
| 337 | |a Computermedien |b c |2 rdamedia | ||
| 338 | |a Online-Ressource |b cr |2 rdacarrier | ||
| 650 | 4 | |a Dharma | |
| 650 | 4 | |a Dialectic | |
| 650 | 4 | |a Dicta | |
| 650 | 4 | |a Enlightenment | |
| 650 | 4 | |a Lions | |
| 650 | 4 | |a Monks | |
| 650 | 4 | |a Religious Studies | |
| 650 | 4 | |a Zen Buddhism | |
| 773 | 0 | 8 | |i Enthalten in |t Japanese journal of religious studies |d Nagoya : Nanzan Institute, 1974 |g 12(1985), 2/3, Seite 173-192 |h Online-Ressource |w (DE-627)381841855 |w (DE-600)2138771-0 |w (DE-576)281243603 |7 nnas |
| 773 | 1 | 8 | |g volume:12 |g year:1985 |g number:2/3 |g pages:173-192 |
| 856 | 4 | 0 | |u https://nirc.nanzan-u.ac.jp/nfile/2308 |x Verlag |z kostenfrei |3 Volltext |7 0 |
| 951 | |a AR | ||
| ELC | |a 1 | ||
| ITA | |a 1 |t 1 | ||
| LOK | |0 000 xxxxxcx a22 zn 4500 | ||
| LOK | |0 001 3740699876 | ||
| LOK | |0 003 DE-627 | ||
| LOK | |0 004 1727328051 | ||
| LOK | |0 005 20200818115729 | ||
| LOK | |0 008 200818||||||||||||||||ger||||||| | ||
| LOK | |0 040 |a DE-Tue135 |c DE-627 |d DE-Tue135 | ||
| LOK | |0 092 |o n | ||
| LOK | |0 852 |a DE-Tue135 | ||
| LOK | |0 852 1 |9 00 | ||
| LOK | |0 935 |a ixzs |a ixzo |a rwrk | ||
| LOK | |0 939 |a 18-08-20 |b l01 | ||
| OAS | |a 1 | ||
| ORI | |a SA-MARC-ixtheoa001.raw | ||
| REL | |a 1 | ||
| STA | 0 | 0 | |a Dharma,Dhamma,Dharma (Buddhism) |
| STB | 0 | 0 | |a Dharma (hindouisme),Dhamma (bouddhisme) |
| STC | 0 | 0 | |a Dharma,Dharma |
| STD | 0 | 0 | |a Dharma |
| STE | 0 | 0 | |a 法 |
| STF | 0 | 0 | |a 法 |
| STG | 0 | 0 | |a Dharma |
| STH | 0 | 0 | |a Дхарма |
| STI | 0 | 0 | |a Ντάρμα,Dharma |
| SUB | |a REL | ||
| SYE | 0 | 0 | |a Dhamma |



